000 00717nam a22002057a 4500
005 20250625120856.0
010 _aENG-145566
020 _c200.00
_a9788119664825
035 _aEN-129098
037 _bDBAD/PUB
082 _a280
100 _aTroisi, Simone
_982324
245 _aChiara Corbella Petrillo:
_bA Witness to Joy/
_cSimone Troisi; Enrico Petrillo [and] Translated By Charlotte J. Fasi
260 _aBegaluru
_bATC Publishers
_c2024
270 _bBengaluru
_aCCBI Secretariat, P.B. No. 8490, Hutchins Road, 2nd Cross
300 _a161p..
_c21cm(pb)
700 _aPetrillo, Enrico
_eAuthor
_982325
700 _aFasi, Charlotte J.
_eTranslator
_982326
942 _2ddc
_cEN
_h280
_mTRO
999 _c211939
_d211939